Housing in Scotland (Record no. 109306)

MARC details
000 -LEADER
fixed length control field 00952cad a22002295a 4500
001 - CONTROL NUMBER
control field E146821
008 - FIXED-LENGTH DATA ELEMENTS--GENERAL INFORMATION
fixed length control field 090303s2008 xxk f 000 0 eng d
035 ## - SYSTEM CONTROL NUMBER
System control number (Sirsi) u146821
041 0# - LANGUAGE CODE
Language code of text/sound track or separate title eng
050 04 - LIBRARY OF CONGRESS CALL NUMBER
Classification number 306.1 $2 18
110 2# - MAIN ENTRY--CORPORATE NAME
Corporate name or jurisdiction name as entry element CIH Scotland
245 00 - TITLE STATEMENT
Title Housing in Scotland
Remainder of title promoting the green agenda
Medium [electronic resource]
260 ## - PUBLICATION, DISTRIBUTION, ETC.
Place of publication, distribution, etc. Edinburgh
Name of publisher, distributor, etc. CIH Scotland
Date of publication, distribution, etc. [2008]
490 #0 - SERIES STATEMENT
Series statement CIH Scotland Briefing
520 ## - SUMMARY, ETC.
Summary, etc. Sets out information on policies and targets in relation to the energy efficiency of housing, and discusses the part which the housing sector can play in tackling energy consumption and carbon emissions.
521 ## - TARGET AUDIENCE NOTE
Target audience note Advanced
590 ## - LOCAL NOTE (RLIN)
Local note KA
651 #4 - SUBJECT ADDED ENTRY--GEOGRAPHIC NAME
Geographic name Scotland
Chronological subdivision 1999-
690 ## - LOCAL SUBJECT ADDED ENTRY--TOPICAL TERM (OCLC, RLIN)
Topical term or geographic name as entry element ENVIRONMENTAL AND LAND CONSULTANCY-ENERGY-ENERGY USE-ENERGY EFFICIENCY
856 40 - ELECTRONIC LOCATION AND ACCESS
Uniform Resource Identifier <a href="https://www.cih.org/scotland/policy/energy-efficiency-apr08.pdf">https://www.cih.org/scotland/policy/energy-efficiency-apr08.pdf</a>
Public note View the report free of charge at www.cih.org/scotland...
942 ## - ADDED ENTRY ELEMENTS (KOHA)
Suppress in OPAC 0
Holdings
Withdrawn status Lost status Source of classification or shelving scheme Damaged status Not for loan Home library Current library Shelving location Date acquired Total Checkouts Full call number Barcode Date last seen Copy number Price effective from Koha item type
    Dewey Decimal Classification     Virtual Virtual Online 03/03/2009   ONLINE PUBLICATION 146821-2001 06/08/2019 1 06/08/2019 Book